[Event "OeISM B U16"]
[Site "austriaU16b"]
[Date "2020.12.11"]
[Round "5"]
[White "MasterWeichhart"]
[Black "Daniel05"]
[Result "1/2-1/2"]
[WhiteElo "1801"]
[BlackElo "1825"]
[Annotator "NA"]
[PlyCount "172"]
[EventDate "2020.12.11"]
[EventType "blitz"]

1. c4 {[%emt 0:00:05]} c5 {[%emt 0:00:06]} 2. g3 {[%emt 0:00:02]} Nc6 {[%emt 0:00:01]} 3. Bg2 {[%emt 0:00:01]} Nf6 {[%emt 0:00:00]} 4. Nc3 {[%emt 0:00:01]} g6 {[%emt 0:00:01]} 5. Nf3 {[%emt 0:00:04]} Bg7 {[%emt 0:00:01]} 6. O-O {[%emt 0:00:00]} O-O {[%emt 0:00:01]} 7. a3 {[%emt 0:00:01]} d6 {[%emt 0:00:03]} 8. e3 {[%emt 0:00:02]} Be6 {[%emt 0:00:01]} 9. Qe2 {[%emt 0:00:10]} Qc8 {[%emt 0:00:02]} 10. d4 {[%emt 0:00:05]} cxd4 {[%emt 0:00:05]} 11. exd4 {[%emt 0:00:00]} d5 {[%emt 0:00:00]} 12. Ng5 {[%emt 0:00:09]} Nxd4 {[%emt 0:00:12]} 13. Qd1 {[%emt 0:00:06]} Qxc4 {[%emt 0:00:09]} 14. Nxe6 {[%emt 0:00:08]} Nxe6 {[%emt 0:00:20]} 15. Nxd5 {[%emt 0:00:02]} Nxd5 {[%emt 0:00:02]} 16. Bxd5 {[%emt 0:00:00]} Qa6 {[%emt 0:00:01]} 17. Qb3 {[%emt 0:00:10]} Nc5 {[%emt 0:00:26]} 18. Qb4 {[%emt 0:00:02]} Rac8 {[%emt 0:00:13]} 19. Be3 {[%emt 0:00:05]} b6 {[%emt 0:00:09]} 20. Rfd1 {[%emt 0:00:22]} e6 {[%emt 0:00:03]} 21. Bc4 {[%emt 0:00:17]} Qb7 {[%emt 0:00:02]} 22. Bf1 {[%emt 0:00:02]} a5 {[%emt 0:00:23]} 23. Qb5 {[%emt 0:00:07]} Qb8 {[%emt 0:00:15]} 24. Rac1 {[%emt 0:00:07]} Qe5 {[%emt 0:00:30]} 25. Bd4 {[%emt 0:00:11]} Qh5 {[%emt 0:00:20]} 26. Be2 {[%emt 0:00:11]} Qf5 {[%emt 0:00:13]} 27. g4 {[%emt 0:00:24]} Qf4 {[%emt 0:00:03]} 28. Be3 {[%emt 0:00:03]} Qb8 {[%emt 0:00:05]} 29. Bxc5 {[%emt 0:00:19]} bxc5 {[%emt 0:00:02]} 30. Rxc5 {[%emt 0:00:03]} Qxb5 {[%emt 0:00:07]} 31. Rxb5 {[%emt 0:00:00]} Rc2 {[%emt 0:00:01]} 32. Bf1 {[%emt 0:00:06]} a4 {[%emt 0:00:01]} 33. Rb4 {[%emt 0:00:05]} Bxb2 {[%emt 0:00:03]} 34. Rxa4 {[%emt 0:00:02]} Rc3 {[%emt 0:00:02]} 35. Rb1 {[%emt 0:00:08]} Rxa3 {[%emt 0:00:01]} 36. Rxa3 {[%emt 0:00:04]} Bxa3 {[%emt 0:00:00]} 37. Rb7 {[%emt 0:00:02]} Bd6 {[%emt 0:00:03]} 38. Rb2 {[%emt 0:00:02]} Be5 {[%emt 0:00:02]} 39. Re2 {[%emt 0:00:02]} Bf6 {[%emt 0:00:01]} 40. Rc2 {[%emt 0:00:02]} Kg7 {[%emt 0:00:01]} 41. Kg2 {[%emt 0:00:01]} Bh4 {[%emt 0:00:01]} 42. h3 {[%emt 0:00:03]} Rd8 {[%emt 0:00:03]} 43. Be2 {[%emt 0:00:04]} h6 {[%emt 0:00:01]} 44. Bf3 {[%emt 0:00:03]} Rb8 {[%emt 0:00:01]} 45. Be4 {[%emt 0:00:04]} Rb4 {[%emt 0:00:01]} 46. Bf3 {[%emt 0:00:02]} Rf4 {[%emt 0:00:02]} 47. Bd1 {[%emt 0:00:05]} Rd4 {[%emt 0:00:01]} 48. Bf3 {[%emt 0:00:02]} Rd3 {[%emt 0:00:01]} 49. Be4 {[%emt 0:00:04]} Ra3 {[%emt 0:00:01]} 50. Bf3 {[%emt 0:00:03]} Ra1 {[%emt 0:00:01]} 51. Be4 {[%emt 0:00:03]} Bf6 {[%emt 0:00:01]} 52. Bf3 {[%emt 0:00:02]} Re1 {[%emt 0:00:02]} 53. Re2 {[%emt 0:00:02]} Rc1 {[%emt 0:00:02]} 54. Ra2 {[%emt 0:00:04]} Bg5 {[%emt 0:00:02]} 55. Be2 {[%emt 0:00:07]} Bh4 {[%emt 0:00:02]} 56. Bf3 {[%emt 0:00:01]} Kf6 {[%emt 0:00:01]} 57. Be2 {[%emt 0:00:01]} Rc3 {[%emt 0:00:01]} 58. Bf3 {[%emt 0:00:01]} Rb3 {[%emt 0:00:01]} 59. Be2 {[%emt 0:00:03]} Rb4 {[%emt 0:00:01]} 60. Bf3 {[%emt 0:00:01]} Rf4 {[%emt 0:00:01]} 61. Bd1 {[%emt 0:00:03]} Kg7 {[%emt 0:00:04]} 62. Bf3 {[%emt 0:00:02] MasterWeichhart offers a draw} Bf6 {[%emt 0:00:06]} 63. Bd1 {[%emt 0:00:02]} Bd4 {[%emt 0:00:06]} 64. Bf3 {[%emt 0:00:01]} Be5 {[%emt 0:00:01]} 65. Bd1 {[%emt 0:00:02]} Rb4 {[%emt 0:00:01]} 66. Bf3 {[%emt 0:00:02]} Bd4 {[%emt 0:00:00]} 67. Be2 {[%emt 0:00:02]} e5 {[%emt 0:00:00]} 68. Bf3 {[%emt 0:00:03]} Rb5 {[%emt 0:00:01]} 69. Re2 {[%emt 0:00:02]} Rc5 {[%emt 0:00:01]} 70. Be4 {[%emt 0:00:04]} Rc3 {[%emt 0:00:07]} 71. Rc2 {[%emt 0:00:01]} Ra3 {[%emt 0:00:09]} 72. Bd5 {[%emt 0:00:02]} Ra7 {[%emt 0:00:01]} 73. Be4 {[%emt 0:00:03]} Rd7 {[%emt 0:00:01]} 74. Bf3 {[%emt 0:00:01]} Rd6 {[%emt 0:00:02]} 75. Be4 {[%emt 0:00:01]} Re6 {[%emt 0:00:02]} 76. Bd5 {[%emt 0:00:01]} Rd6 {[%emt 0:00:01]} 77. Be4 {[%emt 0:00:01]} Rd7 {[%emt 0:00:03]} 78. Bc6 {[%emt 0:00:01]} Rc7 {[%emt 0:00:01]} 79. Be4 {[%emt 0:00:01]} Re7 {[%emt 0:00:01]} 80. Ra2 {[%emt 0:00:03]} Bc5 {[%emt 0:00:05]} 81. Rc2 {[%emt 0:00:02]} Bb6 {[%emt 0:00:01]} 82. Rb2 {[%emt 0:00:01]} Bd4 {[%emt 0:00:00]} 83. Rc2 {[%emt 0:00:02]} Ra7 {[%emt 0:00:01]} 84. Bd5 {[%emt 0:00:02]} Rd7 {[%emt 0:00:03]} 85. Bc6 {[%emt 0:00:02]} Re7 {[%emt 0:00:00]} 86. Be4 {[%emt 0:00:01]} Rd7 {[%emt 0:00:02] Threefold Rep} 1/2-1/2

[Event "OeISM B U16"]
[Site "austriaU16b"]
[Date "2020.12.11"]
[Round "5"]
[White "Nasnaseez"]
[Black "Oberwirschtl"]
[Result "1-0"]
[WhiteElo "1783"]
[BlackElo "1568"]
[Annotator "NA"]
[PlyCount "31"]
[EventDate "2020.12.11"]
[EventType "blitz"]

1. e4 {[%emt 0:00:05]} e5 {[%emt 0:00:03]} 2. Nf3 {[%emt 0:00:01]} Nf6 {[%emt 0:00:03]} 3. Nxe5 {[%emt 0:00:03]} d6 {[%emt 0:00:04]} 4. Nf3 {[%emt 0:00:01]} Nxe4 {[%emt 0:00:00]} 5. Nc3 {[%emt 0:00:01]} Nxc3 {[%emt 0:00:07]} 6. dxc3 {[%emt 0:00:00]} d5 {[%emt 0:00:10]} 7. c4 {[%emt 0:00:08]} Be6 {[%emt 0:00:39]} 8. cxd5 {[%emt 0:00:07]} Bxd5 {[%emt 0:00:02]} 9. Be3 {[%emt 0:00:09]} Be7 {[%emt 0:00:07]} 10. Bd3 {[%emt 0:00:05]} O-O {[%emt 0:00:04]} 11. h4 {[%emt 0:00:08]} Bf6 {[%emt 0:00:14]} 12. Bxh7+ {[%emt 0:00:24]} Kxh7 {[%emt 0:00:19]} 13. Ng5+ {[%emt 0:00:01]} Kg8 {[%emt 0:00:51]} 14. Qh5 {[%emt 0:00:04]} Bxg5 {[%emt 0:00:15]} 15. hxg5 {[%emt 0:00:00]} f5 {[%emt 0:00:27]} 16. g6 {[%emt 0:00:03] TimeB} 1-0

[Event "OeISM B U16"]
[Site "austriaU16b"]
[Date "2020.12.11"]
[Round "5"]
[White "gor200506"]
[Black "Stuevii"]
[Result "1-0"]
[WhiteElo "1710"]
[BlackElo "1695"]
[Annotator "NA"]
[PlyCount "39"]
[EventDate "2020.12.11"]
[EventType "blitz"]

1. e4 {[%emt 0:00:05]} c5 {[%emt 0:00:02]} 2. Nf3 {[%emt 0:00:02]} Nc6 {[%emt 0:00:01]} 3. d4 {[%emt 0:00:01]} cxd4 {[%emt 0:00:01]} 4. Nxd4 {[%emt 0:00:00]} g6 {[%emt 0:00:01]} 5. Nc3 {[%emt 0:00:02]} Bg7 {[%emt 0:00:01]} 6. Be3 {[%emt 0:00:00]} Nf6 {[%emt 0:00:01]} 7. f3 {[%emt 0:00:00]} O-O {[%emt 0:00:03]} 8. Qd2 {[%emt 0:00:01]} d5 {[%emt 0:00:02]} 9. O-O-O {[%emt 0:00:02]} dxe4 {[%emt 0:00:05]} 10. Nxc6 {[%emt 0:00:05]} Qxd2+ {[%emt 0:00:03]} 11. Rxd2 {[%emt 0:00:04]} bxc6 {[%emt 0:00:02]} 12. Nxe4 {[%emt 0:00:05]} Nxe4 {[%emt 0:00:06]} 13. fxe4 {[%emt 0:00:00]} Be6 {[%emt 0:00:04]} 14. a3 {[%emt 0:00:28]} Rfb8 {[%emt 0:00:04]} 15. c4 {[%emt 0:00:45]} Rb3 {[%emt 0:00:09]} 16. Bf4 {[%emt 0:00:06]} c5 {[%emt 0:00:28]} 17. Kb1 {[%emt 0:00:19]} a5 {[%emt 0:00:10]} 18. Be2 {[%emt 0:00:55]} Ra7 {[%emt 0:00:21]} 19. Rd8+ {[%emt 0:00:13]} Bf8 {[%emt 0:00:03]} 20. Bh6 {[%emt 0:00:04] Stuevii resigns} 1-0

[Event "OeISM B U16"]
[Site "austriaU16b"]
[Date "2020.12.11"]
[Round "5"]
[White "MGamer"]
[Black "David04"]
[Result "0-1"]
[WhiteElo "1594"]
[BlackElo "2002"]
[Annotator "NA"]
[PlyCount "50"]
[EventDate "2020.12.11"]
[EventType "blitz"]

1. e4 {[%emt 0:00:03]} c5 {[%emt 0:00:03]} 2. Nf3 {[%emt 0:00:02]} d6 {[%emt 0:00:01]} 3. d4 {[%emt 0:00:01]} Nf6 {[%emt 0:00:01]} 4. Nc3 {[%emt 0:00:05]} cxd4 {[%emt 0:00:01]} 5. Nxd4 {[%emt 0:00:00]} a6 {[%emt 0:00:01]} 6. Be2 {[%emt 0:00:08]} e5 {[%emt 0:00:02]} 7. Nb3 {[%emt 0:00:01]} Be7 {[%emt 0:00:01]} 8. Be3 {[%emt 0:00:05]} O-O {[%emt 0:00:08]} 9. h3 {[%emt 0:00:07]} Be6 {[%emt 0:00:47]} 10. g4 {[%emt 0:00:07]} d5 {[%emt 0:00:23]} 11. exd5 {[%emt 0:00:39]} Nxd5 {[%emt 0:00:02]} 12. Nxd5 {[%emt 0:00:05]} Bxd5 {[%emt 0:00:06]} 13. Bf3 {[%emt 0:00:09]} Bxf3 {[%emt 0:00:10]} 14. Qxf3 {[%emt 0:00:00]} Nc6 {[%emt 0:00:02]} 15. Nd2 {[%emt 0:00:23]} Nb4 {[%emt 0:00:39]} 16. Qd1 {[%emt 0:00:20]} Rc8 {[%emt 0:00:02]} 17. O-O {[%emt 0:00:34]} Nxc2 {[%emt 0:00:03]} 18. Rc1 {[%emt 0:00:07]} Nxe3 {[%emt 0:00:01]} 19. fxe3 {[%emt 0:00:02]} Rxc1 {[%emt 0:00:02]} 20. Qxc1 {[%emt 0:00:01]} Qd3 {[%emt 0:00:08]} 21. Nf3 {[%emt 0:00:13]} Qd5 {[%emt 0:00:19]} 22. Qc3 {[%emt 0:00:15]} e4 {[%emt 0:00:15]} 23. Ne5 {[%emt 0:00:13]} Bf6 {[%emt 0:00:04]} 24. Rxf6 {[%emt 0:00:05]} gxf6 {[%emt 0:00:04]} 25. Nc4 {[%emt 0:00:01]} Rc8 {[%emt 0:00:09] TimeW} 0-1

[Event "OeISM B U16"]
[Site "austriaU16b"]
[Date "2020.12.11"]
[Round "5"]
[White "LPOHNEMICH"]
[Black "gadoru"]
[Result "0-1"]
[WhiteElo "1491"]
[BlackElo "1678"]
[Annotator "NA"]
[PlyCount "116"]
[EventDate "2020.12.11"]
[EventType "blitz"]

1. c4 {[%emt 0:00:03]} Nf6 {[%emt 0:00:02]} 2. Nc3 {[%emt 0:00:01]} d5 {[%emt 0:00:03]} 3. cxd5 {[%emt 0:00:04]} Nxd5 {[%emt 0:00:02]} 4. e4 {[%emt 0:00:01]} Nxc3 {[%emt 0:00:02]} 5. bxc3 {[%emt 0:00:00]} g6 {[%emt 0:00:02]} 6. Nf3 {[%emt 0:00:03]} Bg7 {[%emt 0:00:02]} 7. d4 {[%emt 0:00:04]} c5 {[%emt 0:00:02]} 8. Bb2 {[%emt 0:00:13]} Qa5 {[%emt 0:00:12]} 9. Be2 {[%emt 0:00:22]} O-O {[%emt 0:00:17]} 10. O-O {[%emt 0:00:03]} Rd8 {[%emt 0:00:03]} 11. Qb3 {[%emt 0:00:20]} Nc6 {[%emt 0:00:29]} 12. Rfd1 {[%emt 0:00:07]} Qc7 {[%emt 0:00:23]} 13. Rac1 {[%emt 0:00:20]} Na5 {[%emt 0:00:13]} 14. Qc2 {[%emt 0:00:27]} Bg4 {[%emt 0:00:04]} 15. h3 {[%emt 0:00:11]} Bxf3 {[%emt 0:00:17]} 16. Bxf3 {[%emt 0:00:01]} Rac8 {[%emt 0:00:11]} 17. Qa4 {[%emt 0:00:26]} c4 {[%emt 0:00:24]} 18. Ba3 {[%emt 0:00:17]} Rb8 {[%emt 0:00:07]} 19. Bxe7 {[%emt 0:00:04]} Rd7 {[%emt 0:00:21]} 20. Bb4 {[%emt 0:00:07]} Nc6 {[%emt 0:00:06]} 21. Bg4 {[%emt 0:00:02]} Rdd8 {[%emt 0:00:10]} 22. Ba3 {[%emt 0:00:06]} b5 {[%emt 0:00:05]} 23. Qc2 {[%emt 0:00:04]} a5 {[%emt 0:00:06]} 24. Rb1 {[%emt 0:00:02]} b4 {[%emt 0:00:03]} 25. cxb4 {[%emt 0:00:11]} axb4 {[%emt 0:00:01]} 26. Bb2 {[%emt 0:00:04]} Ne7 {[%emt 0:00:02]} 27. e5 {[%emt 0:00:04]} Nd5 {[%emt 0:00:03]} 28. Bf3 {[%emt 0:00:03]} Rdc8 {[%emt 0:00:04]} 29. Bg4 {[%emt 0:00:02]} Rd8 {[%emt 0:00:02]} 30. Bf3 {[%emt 0:00:01]} Rbc8 {[%emt 0:00:03]} 31. Bxd5 {[%emt 0:00:01]} Rxd5 {[%emt 0:00:02]} 32. Ba1 {[%emt 0:00:04]} Qa5 {[%emt 0:00:01]} 33. Qb2 {[%emt 0:00:06]} Bf8 {[%emt 0:00:02]} 34. Qc2 {[%emt 0:00:01]} Rb5 {[%emt 0:00:02]} 35. Qe4 {[%emt 0:00:01]} Qa6 {[%emt 0:00:02]} 36. Rdc1 {[%emt 0:00:01] LPOHNEMICH offers a draw} c3 {[%emt 0:00:04]} 37. Qd3 {[%emt 0:00:03]} Ra5 {[%emt 0:00:02]} 38. Qxa6 {[%emt 0:00:02]} Rxa6 {[%emt 0:00:01]} 39. Rxb4 {[%emt 0:00:01]} Bxb4 {[%emt 0:00:02]} 40. a3 {[%emt 0:00:04]} Rxa3 {[%emt 0:00:01]} 41. Bxc3 {[%emt 0:00:02]} Raxc3 {[%emt 0:00:02]} 42. Rxc3 {[%emt 0:00:01]} Rxc3 {[%emt 0:00:01]} 43. Kh2 {[%emt 0:00:00]} Rc2 {[%emt 0:00:01]} 44. f3 {[%emt 0:00:02]} Bc3 {[%emt 0:00:01]} 45. d5 {[%emt 0:00:01]} Bxe5+ {[%emt 0:00:01]} 46. Kg1 {[%emt 0:00:03]} Rd2 {[%emt 0:00:01]} 47. d6 {[%emt 0:00:02]} Rxd6 {[%emt 0:00:01]} 48. g4 {[%emt 0:00:01]} f5 {[%emt 0:00:01]} 49. Kg2 {[%emt 0:00:01]} Rd2+ {[%emt 0:00:02]} 50. Kg1 {[%emt 0:00:02]} Bg3 {[%emt 0:00:02]} 51. Kf1 {[%emt 0:00:02]} Kf7 {[%emt 0:00:01]} 52. Kg1 {[%emt 0:00:04]} Ke6 {[%emt 0:00:01]} 53. Kf1 {[%emt 0:00:01]} f4 {[%emt 0:00:03]} 54. Kg1 {[%emt 0:00:00]} Kd5 {[%emt 0:00:01]} 55. Kf1 {[%emt 0:00:01]} Kd4 {[%emt 0:00:01]} 56. Kg1 {[%emt 0:00:02]} Ke3 {[%emt 0:00:01]} 57. h4 {[%emt 0:00:01]} Kxf3 {[%emt 0:00:01]} 58. h5 {[%emt 0:00:05]} Rd1# {[%emt 0:00:01] Mate Mate} 0-1

[Event "OeISM B U16"]
[Site "austriaU16b"]
[Date "2020.12.11"]
[Round "5"]
[White "PatrikStar"]
[Black "Moritz_Pernerstorfer"]
[Result "0-1"]
[WhiteElo "1395"]
[BlackElo "1579"]
[Annotator "NA"]
[PlyCount "56"]
[EventDate "2020.12.11"]
[EventType "blitz"]

1. e4 {[%emt 0:00:04]} d6 {[%emt 0:00:07]} 2. Nc3 {[%emt 0:00:02]} g6 {[%emt 0:00:01]} 3. Nf3 {[%emt 0:00:02]} Bg7 {[%emt 0:00:01]} 4. Bc4 {[%emt 0:00:02]} a6 {[%emt 0:00:11]} 5. O-O {[%emt 0:00:05]} b5 {[%emt 0:00:04]} 6. Bb3 {[%emt 0:00:03]} Nf6 {[%emt 0:00:16]} 7. a3 {[%emt 0:00:03]} O-O {[%emt 0:00:04]} 8. d4 {[%emt 0:00:04]} Nbd7 {[%emt 0:00:03]} 9. d5 {[%emt 0:00:02]} Nc5 {[%emt 0:00:08]} 10. Re1 {[%emt 0:00:07]} Nxb3 {[%emt 0:00:10]} 11. cxb3 {[%emt 0:00:04]} Bb7 {[%emt 0:00:02]} 12. Bg5 {[%emt 0:00:10]} c6 {[%emt 0:00:14]} 13. dxc6 {[%emt 0:00:02]} Bxc6 {[%emt 0:00:01]} 14. Rc1 {[%emt 0:00:16]} Rc8 {[%emt 0:00:39]} 15. b4 {[%emt 0:00:44]} h6 {[%emt 0:00:27]} 16. Bxf6 {[%emt 0:00:05]} Bxf6 {[%emt 0:00:01]} 17. Kh1 {[%emt 0:00:22]} Qb6 {[%emt 0:00:08]} 18. Kg1 {[%emt 0:00:05]} Kg7 {[%emt 0:00:18]} 19. Re2 {[%emt 0:00:26]} Bb7 {[%emt 0:00:06]} 20. Nd5 {[%emt 0:00:22]} Bxd5 {[%emt 0:00:11]} 21. Rxc8 {[%emt 0:00:06]} Rxc8 {[%emt 0:00:05]} 22. exd5 {[%emt 0:00:02]} Qc7 {[%emt 0:00:06]} 23. h3 {[%emt 0:00:12]} Qc1 {[%emt 0:00:13]} 24. Qxc1 {[%emt 0:00:02]} Rxc1+ {[%emt 0:00:03]} 25. Re1 {[%emt 0:00:02]} Rxe1+ {[%emt 0:00:03]} 26. Nxe1 {[%emt 0:00:01]} Bxb2 {[%emt 0:00:01]} 27. a4 {[%emt 0:00:02]} bxa4 {[%emt 0:00:02]} 28. Nd3 {[%emt 0:00:01]} a3 {[%emt 0:00:01] TimeW} 0-1

[Event "OeISM B U16"]
[Site "austriaU16b"]
[Date "2020.12.11"]
[Round "6"]
[White "Marc_m"]
[Black "David04"]
[Result "0-1"]
[WhiteElo "2022"]
[BlackElo "2005"]
[Annotator "NA"]
[PlyCount "122"]
[EventDate "2020.12.11"]
[EventType "blitz"]

1. e4 {[%emt 0:00:02]} c5 {[%emt 0:00:02]} 2. Nf3 {[%emt 0:00:01]} d6 {[%emt 0:00:03]} 3. Bb5+ {[%emt 0:00:02]} Nd7 {[%emt 0:00:02]} 4. O-O {[%emt 0:00:02]} Ngf6 {[%emt 0:00:01]} 5. Re1 {[%emt 0:00:02]} a6 {[%emt 0:00:02]} 6. Bf1 {[%emt 0:00:02]} b6 {[%emt 0:00:13]} 7. d4 {[%emt 0:00:51]} cxd4 {[%emt 0:00:03]} 8. Nxd4 {[%emt 0:00:00]} Bb7 {[%emt 0:00:02]} 9. f3 {[%emt 0:00:12]} g6 {[%emt 0:00:03]} 10. c4 {[%emt 0:00:01]} Bg7 {[%emt 0:00:02]} 11. Nc3 {[%emt 0:00:01]} O-O {[%emt 0:00:02]} 12. Be3 {[%emt 0:00:01]} Rc8 {[%emt 0:00:04]} 13. Rc1 {[%emt 0:00:01]} Ne5 {[%emt 0:00:18]} 14. b3 {[%emt 0:00:31]} Qc7 {[%emt 0:00:14]} 15. h3 {[%emt 0:00:03]} Qb8 {[%emt 0:00:08]} 16. Qd2 {[%emt 0:00:09]} Rfd8 {[%emt 0:00:19]} 17. Nd5 {[%emt 0:00:07]} Nxd5 {[%emt 0:00:15]} 18. exd5 {[%emt 0:00:01]} b5 {[%emt 0:00:53]} 19. cxb5 {[%emt 0:00:01]} axb5 {[%emt 0:00:02]} 20. Nxb5 {[%emt 0:00:09]} Qa8 {[%emt 0:00:10]} 21. Bb6 {[%emt 0:00:31]} Rf8 {[%emt 0:00:22]} 22. f4 {[%emt 0:00:21]} Rxc1 {[%emt 0:00:10]} 23. Rxc1 {[%emt 0:00:06]} Nd7 {[%emt 0:00:02]} 24. Bf2 {[%emt 0:00:03]} Nf6 {[%emt 0:00:08]} 25. Bc4 {[%emt 0:00:07]} Ne4 {[%emt 0:00:01]} 26. Qe2 {[%emt 0:00:06]} Nxf2 {[%emt 0:00:01]} 27. Qxf2 {[%emt 0:00:00]} Rc8 {[%emt 0:00:04]} 28. Rd1 {[%emt 0:00:09]} Bf6 {[%emt 0:00:03]} 29. a4 {[%emt 0:00:02]} Qa5 {[%emt 0:00:02]} 30. Qe1 {[%emt 0:00:02]} Qxe1+ {[%emt 0:00:02]} 31. Rxe1 {[%emt 0:00:00]} Kf8 {[%emt 0:00:01]} 32. g4 {[%emt 0:00:02]} h5 {[%emt 0:00:03]} 33. g5 {[%emt 0:00:04]} Bg7 {[%emt 0:00:01]} 34. Kf2 {[%emt 0:00:04]} Rc5 {[%emt 0:00:01]} 35. Rd1 {[%emt 0:00:02]} Ke8 {[%emt 0:00:01]} 36. Rd2 {[%emt 0:00:07]} Kd7 {[%emt 0:00:01]} 37. Ke3 {[%emt 0:00:01]} f6 {[%emt 0:00:04]} 38. gxf6 {[%emt 0:00:02]} Bxf6 {[%emt 0:00:01]} 39. Rg2 {[%emt 0:00:01]} Bxd5 {[%emt 0:00:03]} 40. Bxd5 {[%emt 0:00:00]} Rxd5 {[%emt 0:00:01]} 41. Rxg6 {[%emt 0:00:00]} Rd1 {[%emt 0:00:03]} 42. Rg3 {[%emt 0:00:13]} Rb1 {[%emt 0:00:04]} 43. Ke2 {[%emt 0:00:01] .} Rb2+ {[%emt 0:00:02]} 44. Kd1 {[%emt 0:00:01]} Rf2 {[%emt 0:00:03]} 45. a5 {[%emt 0:00:02]} Rxf4 {[%emt 0:00:02]} 46. Rc3 {[%emt 0:00:00]} Bxc3 {[%emt 0:00:02]} 47. Nxc3 {[%emt 0:00:00]} Kc6 {[%emt 0:00:01]} 48. Kc2 {[%emt 0:00:01]} Rf2+ {[%emt 0:00:02]} 49. Kd3 {[%emt 0:00:01]} Rf3+ {[%emt 0:00:01]} 50. Kc4 {[%emt 0:00:00]} Rxh3 {[%emt 0:00:05]} 51. b4 {[%emt 0:00:01]} Rxc3+ {[%emt 0:00:03]} 52. Kxc3 {[%emt 0:00:00]} Kb5 {[%emt 0:00:01]} 53. Kd4 {[%emt 0:00:02]} e5+ {[%emt 0:00:01]} 54. Ke4 {[%emt 0:00:01]} h4 {[%emt 0:00:01]} 55. Kf3 {[%emt 0:00:00]} d5 {[%emt 0:00:01]} 56. Kg4 {[%emt 0:00:00]} d4 {[%emt 0:00:02]} 57. Kxh4 {[%emt 0:00:00]} d3 {[%emt 0:00:01]} 58. Kg3 {[%emt 0:00:00]} d2 {[%emt 0:00:01]} 59. Kf2 {[%emt 0:00:01]} d1=Q {[%emt 0:00:02]} 60. Ke3 {[%emt 0:00:01]} Qb3+ {[%emt 0:00:01]} 61. Kf2 {[%emt 0:00:01]} Qxb4 {[%emt 0:00:01] Marc_m gibt auf (Lag: Av=0.94s, max=6.6s)} 0-1

[Event "OeISM B U16"]
[Site "austriaU16b"]
[Date "2020.12.11"]
[Round "6"]
[White "CrushTheRush"]
[Black "Schlabberteig"]
[Result "1/2-1/2"]
[WhiteElo "1990"]
[BlackElo "1801"]
[Annotator "NA"]
[PlyCount "170"]
[EventDate "2020.12.11"]
[EventType "blitz"]

1. e4 {[%emt 0:00:02]} e6 {[%emt 0:00:02]} 2. d4 {[%emt 0:00:02]} d5 {[%emt 0:00:01]} 3. Nc3 {[%emt 0:00:01]} Nf6 {[%emt 0:00:01]} 4. e5 {[%emt 0:00:01]} Nfd7 {[%emt 0:00:01]} 5. f4 {[%emt 0:00:00]} c5 {[%emt 0:00:01]} 6. Nf3 {[%emt 0:00:01]} b6 {[%emt 0:00:02]} 7. Be3 {[%emt 0:00:02]} Ba6 {[%emt 0:00:02]} 8. Be2 {[%emt 0:00:02]} Bxe2 {[%emt 0:00:03]} 9. Qxe2 {[%emt 0:00:00]} Nc6 {[%emt 0:00:01]} 10. O-O {[%emt 0:00:06]} Be7 {[%emt 0:00:02]} 11. Kh1 {[%emt 0:00:03]} Qc7 {[%emt 0:00:05]} 12. Rac1 {[%emt 0:00:08]} a6 {[%emt 0:00:04]} 13. Nb1 {[%emt 0:00:12]} b5 {[%emt 0:00:04]} 14. c3 {[%emt 0:00:05]} c4 {[%emt 0:00:10]} 15. g4 {[%emt 0:00:03]} Nb6 {[%emt 0:00:08]} 16. f5 {[%emt 0:00:02]} O-O-O {[%emt 0:00:02]} 17. fxe6 {[%emt 0:00:06]} fxe6 {[%emt 0:00:00]} 18. Bg5 {[%emt 0:00:08]} Rdf8 {[%emt 0:00:05]} 19. Nbd2 {[%emt 0:00:05]} h6 {[%emt 0:00:04]} 20. Bxe7 {[%emt 0:00:03]} Nxe7 {[%emt 0:00:01]} 21. b3 {[%emt 0:00:07]} Ng6 {[%emt 0:00:06]} 22. Rg1 {[%emt 0:00:22]} Nf4 {[%emt 0:00:02]} 23. Qe3 {[%emt 0:00:01]} g5 {[%emt 0:00:05]} 24. bxc4 {[%emt 0:00:03]} Nxc4 {[%emt 0:00:02]} 25. Nxc4 {[%emt 0:00:01]} Qxc4 {[%emt 0:00:03]} 26. Rc2 {[%emt 0:00:08]} Qd3 {[%emt 0:00:09]} 27. Qxd3 {[%emt 0:00:03]} Nxd3 {[%emt 0:00:00]} 28. Ne1 {[%emt 0:00:12]} Nf2+ {[%emt 0:00:08]} 29. Kg2 {[%emt 0:00:01]} Nxg4 {[%emt 0:00:01]} 30. Re2 {[%emt 0:00:06]} h5 {[%emt 0:00:10]} 31. Nd3 {[%emt 0:00:04]} Rf7 {[%emt 0:00:06]} 32. Nc5 {[%emt 0:00:02]} Rhf8 {[%emt 0:00:06]} 33. h3 {[%emt 0:00:02]} Nf2 {[%emt 0:00:29]} 34. Nxe6 {[%emt 0:00:04]} Re8 {[%emt 0:00:27]} 35. Nxg5 {[%emt 0:00:04]} Rg8 {[%emt 0:00:05]} 36. Rxf2 {[%emt 0:00:01]} Rxg5+ {[%emt 0:00:02]} 37. Kf1 {[%emt 0:00:01]} Rgf5 {[%emt 0:00:04]} 38. Rxf5 {[%emt 0:00:03]} Rxf5+ {[%emt 0:00:00]} 39. Ke2 {[%emt 0:00:01]} Kb7 {[%emt 0:00:14]} 40. Rg6 {[%emt 0:00:01]} Rf4 {[%emt 0:00:06]} 41. e6 {[%emt 0:00:16]} Re4+ {[%emt 0:00:01]} 42. Kd2 {[%emt 0:00:06]} h4 {[%emt 0:00:02]} 43. Rh6 {[%emt 0:00:03]} Kb6 {[%emt 0:00:09]} 44. e7+ {[%emt 0:00:03]} Ka5 {[%emt 0:00:01]} 45. Rxh4 {[%emt 0:00:08]} Rxe7 {[%emt 0:00:03]} 46. Rh5 {[%emt 0:00:01]} Rd7 {[%emt 0:00:12]} 47. Kc2 {[%emt 0:00:02]} Ka4 {[%emt 0:00:01]} 48. Kb2 {[%emt 0:00:01]} b4 {[%emt 0:00:01]} 49. cxb4 {[%emt 0:00:01]} Kxb4 {[%emt 0:00:01]} 50. Rh6 {[%emt 0:00:00]} a5 {[%emt 0:00:02]} 51. Rc6 {[%emt 0:00:04]} Rh7 {[%emt 0:00:04]} 52. Rc5 {[%emt 0:00:02]} Rxh3 {[%emt 0:00:01]} 53. Rxd5 {[%emt 0:00:01]} Rh2+ {[%emt 0:00:01]} 54. Kb1 {[%emt 0:00:08]} Kc3 {[%emt 0:00:03]} 55. Rc5+ {[%emt 0:00:01]} Kxd4 {[%emt 0:00:02]} 56. Rxa5 {[%emt 0:00:01]} Kc3 {[%emt 0:00:01]} 57. Rc5+ {[%emt 0:00:01]} Kb4 {[%emt 0:00:02]} 58. Rc1 {[%emt 0:00:03]} Rg2 {[%emt 0:00:03]} 59. Re1 {[%emt 0:00:02]} Rh2 {[%emt 0:00:06] Schlabberteig offers a draw} 60. Ka1 {[%emt 0:00:05]} Rg2 {[%emt 0:00:03]} 61. Rh1 {[%emt 0:00:01]} Rf2 {[%emt 0:00:02]} 62. Rh3 {[%emt 0:00:04]} Rf1+ {[%emt 0:00:02]} 63. Kb2 {[%emt 0:00:01]} Rf2+ {[%emt 0:00:01]} 64. Kb1 {[%emt 0:00:01]} Rf1+ {[%emt 0:00:01]} 65. Kc2 {[%emt 0:00:03]} Rf2+ {[%emt 0:00:01]} 66. Kd3 {[%emt 0:00:01]} Rxa2 {[%emt 0:00:01]} 67. Kd4 {[%emt 0:00:00]} Rd2+ {[%emt 0:00:02]} 68. Ke5 {[%emt 0:00:02]} Re2+ {[%emt 0:00:01]} 69. Kd6 {[%emt 0:00:01]} Rd2+ {[%emt 0:00:01]} 70. Kc6 {[%emt 0:00:01]} Rc2+ {[%emt 0:00:01]} 71. Kb6 {[%emt 0:00:01]} Rc3 {[%emt 0:00:01]} 72. Rh4+ {[%emt 0:00:01]} Rc4 {[%emt 0:00:02]} 73. Rh2 {[%emt 0:00:00]} Rg4 {[%emt 0:00:02]} 74. Rb2+ {[%emt 0:00:02]} Kc3 {[%emt 0:00:02]} 75. Ra2 {[%emt 0:00:01]} Kb4 {[%emt 0:00:02]} 76. Rb2+ {[%emt 0:00:04]} Kc3 {[%emt 0:00:01]} 77. Rh2 {[%emt 0:00:00]} Kb4 {[%emt 0:00:02]} 78. Rh3 {[%emt 0:00:02]} Rg6+ {[%emt 0:00:01]} 79. Kc7 {[%emt 0:00:01]} Kc5 {[%emt 0:00:01]} 80. Rh5+ {[%emt 0:00:01]} Kc4 {[%emt 0:00:02]} 81. Ra5 {[%emt 0:00:01]} Rg7+ {[%emt 0:00:02]} 82. Kc6 {[%emt 0:00:02]} Rg6+ {[%emt 0:00:01]} 83. Kd7 {[%emt 0:00:01]} Kb4 {[%emt 0:00:01]} 84. Ra1 {[%emt 0:00:03]} Kc5 {[%emt 0:00:02]} 85. Rc1+ {[%emt 0:00:02]} Kd5 {[%emt 0:00:01] Schlabberteig offers a draw} 1/2-1/2